| 000 | 00510nab a2200157 4500 | ||
|---|---|---|---|
| 003 | ES-SlBCS | ||
| 005 | 20210528150811.0 | ||
| 008 | 170511s2018 sp ||||| |||| 00| 0 spa d | ||
| 040 |
_aES-SlBCS _bspa |
||
| 041 | _aspa | ||
| 100 | 1 |
_aGonzález Radio, Vicente _969793 |
|
| 245 | 1 | 3 |
_aLa santidad _cVicente González Radío |
| 600 | 1 | 0 |
_aZambrano, María _d, 1904-1991 _xCrítica e interpretación _9123203 |
| 773 | 0 |
_gVol. 63, núm. 1-2, 2018, págs. 259-287 _tCompostellanum _wRev130 _x0573-2018 |
|
| 942 |
_2lcc _cAR |
||
| 999 |
_c868344 _d868344 |
||